[Event "Calgary"]
[Site "Calgary CAN"]
[Date "2011.04.22"]
[Round "1"]
[White "Wang, Richard"]
[Black "Haynes, Nicolas"]
[Result "0-1"]
[WhiteElo "2214"]
[BlackElo "2165"]
[PlyCount "114"]
[GameId "2160767909778834"]
[EventDate "2011.04.22"]
[EventType "tourn"]
[EventRounds "5"]
[EventCountry "CAN"]
[SourceTitle "CBM 142 Extra"]
[Source "ChessBase"]
[SourceDate "2011.06.27"]
[SourceVersion "1"]
[SourceVersionDate "2011.06.27"]
[SourceQuality "1"]

1. d4 Nf6 2. Nf3 g6 3. Nc3 d5 4. Bf4 Bg7 5. e3 c6 6. Be2 O-O 7. Ne5 Nfd7 8. Qd2 Nxe5 9. Bxe5 f6 10. Bg3 e5 11. O-O-O Be6 12. h4 h6 13. Rdf1 Nd7 14. f4 exd4 15. exd4 c5 16. f5 Bxf5 17. Bd6 cxd4 18. Nxd5 Be4 19. Bc4 Kh7 20. Bxf8 Nxf8 21. Nf4 f5 22. Bd3 Rc8 23. Re1 Bxd3 24. Qxd3 Qa5 25. Kb1 Nd7 26. h5 Ne5 27. hxg6+ Kh8 28. Qxf5 Rf8 29. Rxh6+ Bxh6 30. g7+ Kxg7 31. Ne6+ Kh8 32. Qe4 Rf6 33. Nxd4 Rf4 34. Qe3 Rh4 35. Qf2 Rxd4 36. Rh1 Qd8 37. Qe2 Qf6 38. a3 Kg7 39. Qb5 Rd7 40. Rf1 Qe6 41. Re1 Re7 42. Qe2 Qf6 43. Qe4 Ng6 44. Qb4 Rxe1+ 45. Qxe1 Kh7 46. Qa5 a6 47. Qd5 b5 48. g4 Qf1+ 49. Ka2 Qc4+ 50. Qxc4 bxc4 51. a4 Bf8 52. c3 Kg7 53. b3 a5 54. bxc4 Bc5 55. Kb2 Kf6 56. Kc2 Ke5 57. Kd3 Kf4 0-1

[Event "Calgary"]
[Site "Calgary CAN"]
[Date "2011.04.23"]
[Round "2"]
[White "Wang, Richard"]
[Black "Haessel, Dale"]
[Result "1-0"]
[WhiteElo "2214"]
[BlackElo "2209"]
[PlyCount "75"]
[GameId "2160767909778837"]
[EventDate "2011.04.22"]
[EventType "tourn"]
[EventRounds "5"]
[EventCountry "CAN"]
[SourceTitle "CBM 142 Extra"]
[Source "ChessBase"]
[SourceDate "2011.06.27"]
[SourceVersion "1"]
[SourceVersionDate "2011.06.27"]
[SourceQuality "1"]

1. d4 Nf6 2. Nf3 g6 3. Nc3 d5 4. Bf4 Bg7 5. e3 O-O 6. Be2 Bg4 7. h3 Bxf3 8. Bxf3 c6 9. O-O Qb6 10. Na4 Qa5 11. c3 Nbd7 12. b4 Qd8 13. Qb3 Re8 14. Nc5 b5 15. a4 a6 16. axb5 axb5 17. Nd3 Ne4 18. Qb2 Qb6 19. Nc5 Nexc5 20. bxc5 Qb7 21. Bg3 e5 22. Rfe1 f5 23. h4 Bf6 24. Qb4 Kf7 25. Reb1 Rxa1 26. Rxa1 Ra8 27. Rxa8 Qxa8 28. Bxd5+ cxd5 29. Qxb5 Ke6 30. c6 exd4 31. exd4 Qa1+ 32. Kh2 Qxc3 33. cxd7 Qxd4 34. Qc6+ Kf7 35. Qc7 Ke6 36. d8=Q Bxd8 37. Qd6+ Kf7 38. Qxd8 1-0

[Event "Calgary"]
[Site "Calgary CAN"]
[Date "2011.04.23"]
[Round "3"]
[White "Rekhson, Vladislav"]
[Black "Wang, Richard"]
[Result "0-1"]
[WhiteElo "2064"]
[BlackElo "2214"]
[PlyCount "112"]
[GameId "2160767909778840"]
[EventDate "2011.04.22"]
[EventType "tourn"]
[EventRounds "5"]
[EventCountry "CAN"]
[SourceTitle "CBM 142 Extra"]
[Source "ChessBase"]
[SourceDate "2011.06.27"]
[SourceVersion "1"]
[SourceVersionDate "2011.06.27"]
[SourceQuality "1"]

1. e4 c5 2. Nf3 d6 3. Bb5+ Bd7 4. Bxd7+ Qxd7 5. O-O Nc6 6. c3 Nf6 7. Re1 e6 8. d3 Be7 9. Nbd2 O-O 10. Nf1 Rfc8 11. h3 b5 12. N3h2 Qb7 13. f4 b4 14. Nf3 c4 15. d4 d5 16. Ng3 dxe4 17. Ng5 g6 18. N5xe4 Rd8 19. Nxf6+ Bxf6 20. Ne4 Bg7 21. Qf3 Qc7 22. Be3 Ne7 23. Bf2 Nd5 24. Bg3 Qa5 25. Kh1 Rac8 26. Rec1 Rc6 27. Be1 bxc3 28. Bxc3 Qc7 29. Rf1 Ne7 30. Rad1 Rd5 31. g4 Qd8 32. Qf2 Rc8 33. Rd2 Nc6 34. Rfd1 a5 35. a3 Qb6 36. Ng5 Rcd8 37. Nf3 a4 38. Ne5 Nxe5 39. fxe5 Bxe5 40. Rf1 Qb7 41. Kg1 Bg7 42. Rfd1 R8d7 43. Qf3 Qc7 44. Kg2 Qd8 45. Qe2 Bxd4 46. Qxc4 Bxc3 47. Rxd5 Rxd5 48. Rxd5 Qxd5+ 49. Qxd5 exd5 50. bxc3 f5 51. Kf3 Kf7 52. g5 Ke6 53. Kf4 Kd6 54. Ke3 Ke5 55. Kf3 f4 56. Kf2 Ke4 0-1

[Event "Calgary"]
[Site "Calgary CAN"]
[Date "2011.04.24"]
[Round "5"]
[White "Hansen, Eric"]
[Black "Wang, Richard"]
[Result "1-0"]
[WhiteElo "2412"]
[BlackElo "2214"]
[PlyCount "35"]
[GameId "2160767909778842"]
[EventDate "2011.04.22"]
[EventType "tourn"]
[EventRounds "5"]
[EventCountry "CAN"]
[SourceTitle "CBM 142 Extra"]
[Source "ChessBase"]
[SourceDate "2011.06.27"]
[SourceVersion "1"]
[SourceVersionDate "2011.06.27"]
[SourceQuality "1"]

1. d4 d5 2. c4 c6 3. Nf3 Nf6 4. e3 Bf5 5. Nc3 e6 6. Nh4 Bg6 7. Qb3 Qb6 8. Nxg6 hxg6 9. Bd2 Nbd7 10. Be2 Bd6 11. c5 Qxb3 12. axb3 Bc7 13. b4 Ke7 14. b5 cxb5 15. Nxb5 Bxh2 16. Bb4 a5 17. Ba3 Kd8 18. Nd6 1-0

[Event "Edmonton-ch"]
[Site "Edmonton CAN"]
[Date "2011.01.06"]
[Round "1.1"]
[White "Wang, Richard"]
[Black "Sillador, Rory"]
[Result "1-0"]
[WhiteElo "2264"]
[BlackElo "1905"]
[PlyCount "61"]
[GameId "2160767909821290"]
[EventDate "2011.01.06"]
[EventType "k.o."]
[EventRounds "4"]
[EventCountry "CAN"]
[SourceTitle "EXT 2013"]
[Source "ChessBase"]
[SourceDate "2012.11.22"]
[SourceVersion "1"]
[SourceVersionDate "2012.11.22"]
[SourceQuality "1"]

1. d4 e6 2. Nf3 Nf6 3. e3 b6 4. Bd3 Bb7 5. O-O Be7 6. c4 Be4 7. Be2 d5 8. Nc3 Bg6 9. Ne5 O-O 10. f4 dxc4 11. Bf3 c6 12. Nxc4 Nfd7 13. e4 h6 14. d5 Qc8 15. Ne3 Na6 16. d6 Bd8 17. a3 Nac5 18. b4 Nb7 19. Bb2 f6 20. Rc1 Qb8 21. e5 fxe5 22. Bxc6 exf4 23. Bxd7 fxe3 24. Bxe6+ Bf7 25. Rxf7 Rxf7 26. Bxf7+ Kxf7 27. Qd5+ Kg6 28. Qe4+ Kf7 29. Rf1+ Bf6 30. Nd5 Nxd6 31. Qe7+ 1-0

[Event "Edmonton-ch"]
[Site "Edmonton CAN"]
[Date "2011.01.13"]
[Round "1.2"]
[White "Sillador, Rory"]
[Black "Wang, Richard"]
[Result "0-1"]
[WhiteElo "1905"]
[BlackElo "2264"]
[PlyCount "42"]
[GameId "2160767909821296"]
[EventDate "2011.01.06"]
[EventType "k.o."]
[EventRounds "4"]
[EventCountry "CAN"]
[SourceTitle "EXT 2013"]
[Source "ChessBase"]
[SourceDate "2012.11.22"]
[SourceVersion "1"]
[SourceVersionDate "2012.11.22"]
[SourceQuality "1"]

1. d4 d5 2. c4 c6 3. Nc3 Nf6 4. Nf3 dxc4 5. a4 Bf5 6. e3 e6 7. Bxc4 Bb4 8. O-O O-O 9. Bd2 c5 10. dxc5 Bxc5 11. Qe2 Nc6 12. Rfd1 Qe7 13. e4 Bg4 14. Bg5 Nd4 15. Rxd4 Bxd4 16. e5 Bxf3 17. gxf3 Qc5 18. exf6 Qxg5+ 19. Kh1 Bxc3 20. bxc3 Qxf6 21. Qe3 Rac8 0-1

[Event "Edmonton-ch"]
[Site "Edmonton CAN"]
[Date "2011.01.27"]
[Round "2.2"]
[White "Wang, Richard"]
[Black "Gardner, Robert"]
[Result "1/2-1/2"]
[WhiteElo "2264"]
[BlackElo "2309"]
[PlyCount "137"]
[GameId "2160767909821304"]
[EventDate "2011.01.06"]
[EventType "k.o."]
[EventRounds "4"]
[EventCountry "CAN"]
[SourceTitle "EXT 2013"]
[Source "ChessBase"]
[SourceDate "2012.11.22"]
[SourceVersion "1"]
[SourceVersionDate "2012.11.22"]
[SourceQuality "1"]

1. d4 f5 2. Nf3 Nf6 3. g3 g6 4. Bg2 Bg7 5. O-O O-O 6. c4 d6 7. b3 c6 8. Bb2 Ne4 9. Nbd2 Qa5 10. e3 Nd7 11. Nxe4 fxe4 12. Nd2 d5 13. f3 exf3 14. Nxf3 Nf6 15. Qd2 Qa6 16. Ne5 Bf5 17. Rfe1 Ne4 18. Qb4 Rae8 19. c5 b5 20. a4 Qc8 21. axb5 Bh3 22. Bxe4 dxe4 23. Qc4+ Be6 24. Qc2 Bxe5 25. dxe5 cxb5 26. b4 a6 27. Rf1 Bh3 28. Rxf8+ Rxf8 29. Qxe4 Qe6 30. Qd3 Qf7 31. Qe2 e6 32. Bd4 h5 33. c6 Bg4 34. Qc2 Bh3 35. Qe2 Bg4 36. Qc2 Bf5 37. Qe2 Be4 38. Rxa6 Qf5 39. Ra1 Bd3 40. Qg2 Be4 41. Qe2 Bxc6 42. Rf1 Bf3 43. Qa2 Qg4 44. Qf2 Rf5 45. Qa2 Rf7 46. Qa5 Kg7 47. Qd8 g5 48. Rc1 Qh3 49. Rc2 Be2 50. Qf6+ Rxf6 51. exf6+ Kf7 52. Rxe2 Qg4 53. Ra2 h4 54. Ra7+ Kg6 55. Rg7+ Kh6 56. f7 Qd1+ 57. Kf2 Qd2+ 58. Kf3 Qd1+ 59. Kf2 Qc2+ 60. Ke1 Qb1+ 61. Ke2 Qxb4 62. Rg8 Qc4+ 63. Kd2 Qa2+ 64. Kc1 Qa3+ 65. Kc2 Qa4+ 66. Kc1 Qc4+ 67. Kd2 Qa2+ 68. Kc1 Qc4+ 69. Kd2 1/2-1/2

[Event "Edmonton-ch"]
[Site "Edmonton CAN"]
[Date "2011.02.03"]
[Round "3.1"]
[White "Porper, Edward"]
[Black "Wang, Richard"]
[Result "1/2-1/2"]
[WhiteElo "2517"]
[BlackElo "2264"]
[PlyCount "50"]
[GameId "2160767909821305"]
[EventDate "2011.01.06"]
[EventType "k.o."]
[EventRounds "4"]
[EventCountry "CAN"]
[SourceTitle "EXT 2013"]
[Source "ChessBase"]
[SourceDate "2012.11.22"]
[SourceVersion "1"]
[SourceVersionDate "2012.11.22"]
[SourceQuality "1"]

1. c4 c5 2. Nf3 Nc6 3. d4 cxd4 4. Nxd4 Qb6 5. Nb3 e6 6. Nc3 Bb4 7. Be3 Qc7 8. Rc1 d6 9. a3 Bxc3+ 10. Rxc3 Nge7 11. g3 b6 12. Bg2 Bb7 13. O-O O-O 14. Bf4 e5 15. Bc1 Nd8 16. Bxb7 Nxb7 17. e4 a5 18. Be3 Nc5 19. Nd2 a4 20. Qg4 f5 21. exf5 Nxf5 22. Qf3 Nxe3 23. Qxe3 Rae8 24. Nf3 Qc6 25. Rd1 Rf6 1/2-1/2

[Event "Edmonton-ch"]
[Site "Edmonton CAN"]
[Date "2011.02.10"]
[Round "3.2"]
[White "Wang, Richard"]
[Black "Porper, Edward"]
[Result "0-1"]
[WhiteElo "2264"]
[BlackElo "2517"]
[PlyCount "70"]
[GameId "2160767909821307"]
[EventDate "2011.01.06"]
[EventType "k.o."]
[EventRounds "4"]
[EventCountry "CAN"]
[SourceTitle "EXT 2013"]
[Source "ChessBase"]
[SourceDate "2012.11.22"]
[SourceVersion "1"]
[SourceVersionDate "2012.11.22"]
[SourceQuality "1"]

1. d4 d5 2. Nf3 c6 3. e3 Nf6 4. c4 Bf5 5. Nc3 e6 6. Nh4 Be4 7. f3 Bg6 8. Qb3 Qc7 9. g3 Be7 10. Bd2 a6 11. a4 a5 12. cxd5 exd5 13. Nxg6 hxg6 14. Rc1 Bd6 15. f4 Qe7 16. Be2 Na6 17. O-O Nb4 18. Bf3 Qe6 19. Rce1 Qh3 20. Re2 O-O-O 21. e4 Rde8 22. e5 Bc7 23. Rg2 Nd7 24. Ne2 Na6 25. Rc1 f6 26. g4 g5 27. Qd3 Kb8 28. Rc3 fxe5 29. Qf5 exd4 30. Ra3 Bd6 31. Rd3 Ndc5 32. Nxd4 Nxd3 33. Qxd3 Nb4 34. Bxb4 Bxb4 35. Ne2 Bc5+ 0-1

[Event "Alberta-ch U20"]
[Site "Edmonton CAN"]
[Date "2010.11.06"]
[Round "1"]
[White "Mawani, Adam"]
[Black "Wang, Richard"]
[Result "0-1"]
[WhiteElo "1220"]
[BlackElo "2282"]
[PlyCount "64"]
[GameId "2160767909842542"]
[EventDate "2010.11.06"]
[EventType "swiss"]
[EventRounds "5"]
[EventCountry "CAN"]
[SourceTitle "EXT 2013"]
[Source "ChessBase"]
[SourceDate "2012.11.22"]
[SourceVersion "1"]
[SourceVersionDate "2012.11.22"]
[SourceQuality "1"]

1. e4 c5 2. Nf3 d6 3. d4 cxd4 4. Bb5+ Bd7 5. Bxd7+ Qxd7 6. Nxd4 Nf6 7. Nc3 g6 8. O-O Bg7 9. b3 Nc6 10. Nde2 O-O 11. Qd2 Rfc8 12. Bb2 Nxe4 13. Qe3 Nxc3 14. Nxc3 Nb4 15. Qd2 Qc6 16. Nd1 Bxb2 17. Nxb2 Qc3 18. Rfd1 Nxc2 19. Na4 Qxd2 20. Rxd2 Nxa1 21. Rd1 b5 22. Nb2 Rc2 23. Nd3 Rxa2 24. Nb4 Ra3 25. Nc6 Nxb3 26. Nxe7+ Kf8 27. Nd5 Ra1 28. Rxa1 Nxa1 29. Nf6 b4 30. Nd5 b3 31. Nc3 Rc8 32. Na2 b2 0-1

[Event "Alberta-ch U20"]
[Site "Edmonton CAN"]
[Date "2010.11.06"]
[Round "2"]
[White "Wang, Richard"]
[Black "Thomas, Derek"]
[Result "1/2-1/2"]
[WhiteElo "2282"]
[BlackElo "1653"]
[PlyCount "117"]
[GameId "2160767909842554"]
[EventDate "2010.11.06"]
[EventType "swiss"]
[EventRounds "5"]
[EventCountry "CAN"]
[SourceTitle "EXT 2013"]
[Source "ChessBase"]
[SourceDate "2012.11.22"]
[SourceVersion "1"]
[SourceVersionDate "2012.11.22"]
[SourceQuality "1"]

1. d4 d5 2. Nf3 Nf6 3. e3 Bg4 4. h3 Bh5 5. g4 Bg6 6. Ne5 e6 7. h4 h6 8. Nxg6 fxg6 9. Bd3 Kf7 10. Qf3 Nbd7 11. Nc3 c5 12. g5 hxg5 13. hxg5 Rxh1+ 14. Qxh1 c4 15. gxf6 cxd3 16. fxg7 Bxg7 17. cxd3 Qf6 18. Bd2 Ke7 19. O-O-O Rc8 20. Qg2 Qf5 21. e4 dxe4 22. dxe4 Qf7 23. e5 b5 24. Kb1 Qf5+ 25. Ne4 Nb6 26. Qg5+ Kd7 27. Qxf5 gxf5 28. Nd6 Rb8 29. Rh1 Bf8 30. Bb4 Bxd6 31. Bxd6 Rg8 32. Rh7+ Kc6 33. Rxa7 Rg1+ 34. Kc2 Kd5 35. Bc5 Nc4 36. Rd7+ Kc6 37. Re7 Kd5 38. b3 Nxe5 39. dxe5 Kxc5 40. Rxe6 Rg2 41. Ra6 Rxf2+ 42. Kd3 f4 43. e6 f3 44. Ke3 Rf1 45. Kf4 Kb4 46. Kg3 Kc5 47. Kf4 Kb4 48. Kg4 Kc5 49. Kg3 Kd5 50. b4 f2 51. Kg2 Rb1 52. Kxf2 Rxb4 53. e7 Re4 54. Ra7 Kd6 55. Rb7 Rxe7 56. Rxb5 Ra7 57. Rb2 Kc5 58. Ke3 Kc4 59. Kd2 1/2-1/2

[Event "Alberta-ch U20"]
[Site "Edmonton CAN"]
[Date "2010.11.06"]
[Round "3"]
[White "Wang, Yuekai"]
[Black "Wang, Richard"]
[Result "0-1"]
[WhiteElo "1934"]
[BlackElo "2282"]
[PlyCount "50"]
[GameId "2160767909842564"]
[EventDate "2010.11.06"]
[EventType "swiss"]
[EventRounds "5"]
[EventCountry "CAN"]
[SourceTitle "EXT 2013"]
[Source "ChessBase"]
[SourceDate "2012.11.22"]
[SourceVersion "1"]
[SourceVersionDate "2012.11.22"]
[SourceQuality "1"]

1. e4 c5 2. Nf3 d6 3. d4 cxd4 4. Nxd4 Nf6 5. Nc3 g6 6. Bc4 Bg7 7. Be3 O-O 8. f3 Nc6 9. Qd2 Bd7 10. O-O-O Rb8 11. h4 b5 12. Bb3 Nxd4 13. Bxd4 a5 14. a4 bxa4 15. Bxa4 Bxa4 16. Nxa4 Rb4 17. Bxf6 Bxf6 18. b3 Qb8 19. Qe3 Rc8 20. Kd2 Rd4+ 21. Ke1 Qb4+ 22. c3 Rxd1+ 23. Ke2 Qxb3 24. Qg5 Qc2+ 25. Ke3 Qd2# 0-1

[Event "Alberta-ch U20"]
[Site "Edmonton CAN"]
[Date "2010.11.07"]
[Round "4"]
[White "Wang, Richard"]
[Black "Lacy, Ryan"]
[Result "1/2-1/2"]
[WhiteElo "2282"]
[BlackElo "1495"]
[PlyCount "82"]
[GameId "2160767909842572"]
[EventDate "2010.11.06"]
[EventType "swiss"]
[EventRounds "5"]
[EventCountry "CAN"]
[SourceTitle "EXT 2013"]
[Source "ChessBase"]
[SourceDate "2012.11.22"]
[SourceVersion "1"]
[SourceVersionDate "2012.11.22"]
[SourceQuality "1"]

1. d4 d5 2. Nf3 e6 3. e3 Nf6 4. Bd3 c5 5. b3 Nc6 6. O-O Bd6 7. Bb2 Qc7 8. c4 b6 9. Nc3 a6 10. Rc1 Nb4 11. Bb1 dxc4 12. bxc4 Bb7 13. a3 Nc6 14. Qe2 cxd4 15. exd4 Ne7 16. Ne4 Nxe4 17. Bxe4 O-O 18. g3 Bxe4 19. Qxe4 Qc6 20. d5 exd5 21. Qg4 g6 22. cxd5 Qb5 23. Qd4 f6 24. Rfe1 Nf5 25. Qd2 Rfe8 26. Re6 Rxe6 27. dxe6 Qb3 28. Nd4 Qd5 29. Rd1 Nxd4 30. Qxd4 Qxd4 31. Bxd4 Re8 32. Re1 Bxa3 33. Bxb6 Bb4 34. Re2 a5 35. Bd4 f5 36. h3 Kf8 37. Bf6 Be7 38. Bd4 Bb4 39. Bf6 Be7 40. Be5 Bb4 41. Bf6 Be7 1/2-1/2

[Event "Alberta-ch U20"]
[Site "Edmonton CAN"]
[Date "2010.11.07"]
[Round "5"]
[White "Singh, Krishneel"]
[Black "Wang, Richard"]
[Result "0-1"]
[WhiteElo "1473"]
[BlackElo "2282"]
[PlyCount "68"]
[GameId "2160767909842577"]
[EventDate "2010.11.06"]
[EventType "swiss"]
[EventRounds "5"]
[EventCountry "CAN"]
[SourceTitle "EXT 2013"]
[Source "ChessBase"]
[SourceDate "2012.11.22"]
[SourceVersion "1"]
[SourceVersionDate "2012.11.22"]
[SourceQuality "1"]

1. d4 d5 2. c4 c6 3. Nc3 Nf6 4. Qc2 dxc4 5. Nf3 e6 6. a4 Bb4 7. e4 b5 8. axb5 cxb5 9. Bd2 Bxc3 10. Bxc3 O-O 11. b3 cxb3 12. Qxb3 Nxe4 13. Bb4 Re8 14. Bxb5 Bd7 15. Bd3 Bc6 16. Rc1 Qb6 17. Qb2 Nd7 18. Ba3 Bd5 19. O-O Reb8 20. Qc2 Ndf6 21. Ne5 a5 22. Qc7 Qxc7 23. Rxc7 Rb3 24. Rfc1 h6 25. f3 Rxa3 26. fxe4 Bxe4 27. Bxe4 Nxe4 28. Rxf7 a4 29. h4 Rc3 30. Rb1 Rg3 31. Rbb7 a3 32. Ra7 Rc8 33. h5 Rc2 34. Nf3 Rgxg2+ 0-1

[Event "Edmonton Fall-A"]
[Site "Edmonton CAN"]
[Date "2010.10.22"]
[Round "1"]
[White "Wang, Richard"]
[Black "MacKinnon, Keith"]
[Result "0-1"]
[WhiteElo "2289"]
[BlackElo "2337"]
[PlyCount "58"]
[GameId "2160767909855323"]
[EventDate "2010.10.22"]
[EventType "tourn"]
[EventRounds "5"]
[EventCountry "CAN"]
[EventCategory "2"]
[SourceTitle "EXT 2013"]
[Source "ChessBase"]
[SourceDate "2012.11.22"]
[SourceVersion "1"]
[SourceVersionDate "2012.11.22"]
[SourceQuality "1"]

1. d4 Nf6 2. Nf3 e6 3. e3 b6 4. Bd3 Bb7 5. O-O c5 6. c4 Be7 7. Nc3 cxd4 8. exd4 d5 9. cxd5 Nxd5 10. Bb5+ Bc6 11. a4 a6 12. Bc4 O-O 13. Ne5 Bb7 14. Qb3 Nc6 15. Nxd5 exd5 16. Bxd5 Nxd4 17. Bxf7+ Kh8 18. Qh3 Bh4 19. Be3 Bc8 20. g4 Ne2+ 21. Kg2 Bb7+ 22. f3 Qf6 23. Rae1 Qxe5 24. Rxe2 Rxf7 25. Qxh4 Raf8 26. Qg3 Qe8 27. Kg1 Rxf3 28. Rxf3 Rxf3 29. Qe1 Qe4 0-1

[Event "Edmonton Fall-A"]
[Site "Edmonton CAN"]
[Date "2010.10.23"]
[Round "2"]
[White "MacLeod, Damon"]
[Black "Wang, Richard"]
[Result "0-1"]
[WhiteElo "1988"]
[BlackElo "2289"]
[PlyCount "74"]
[GameId "2160767909855327"]
[EventDate "2010.10.22"]
[EventType "tourn"]
[EventRounds "5"]
[EventCountry "CAN"]
[EventCategory "2"]
[SourceTitle "EXT 2013"]
[Source "ChessBase"]
[SourceDate "2012.11.22"]
[SourceVersion "1"]
[SourceVersionDate "2012.11.22"]
[SourceQuality "1"]

1. e4 c5 2. Nf3 d6 3. Bb5+ Bd7 4. Bxd7+ Qxd7 5. O-O Nf6 6. Qe2 Nc6 7. Rd1 e6 8. c4 Be7 9. Nc3 O-O 10. d4 cxd4 11. Nxd4 Rfc8 12. Be3 a6 13. h3 Ne5 14. b3 Qc7 15. Rac1 Ned7 16. Nf3 Nc5 17. Bf4 Qb6 18. Nh2 Rd8 19. Ng4 Nxg4 20. Qxg4 Bf6 21. Be3 Qb4 22. Bd4 Nd7 23. Bxf6 Nxf6 24. Qg3 Qc5 25. Rd3 b5 26. Rf3 Kh8 27. Qh4 Qe5 28. cxb5 axb5 29. Nxb5 Qxb5 30. Rxf6 gxf6 31. Qxf6+ Kg8 32. Rc3 Qe5 33. Rg3+ Kf8 34. Qh6+ Ke7 35. Rg5 Qf6 36. Qh5 Rxa2 37. Rb5 Qxf2+ 0-1

[Event "Edmonton Fall-A"]
[Site "Edmonton CAN"]
[Date "2010.10.23"]
[Round "3"]
[White "Wang, Richard"]
[Black "Gardner, Robert"]
[Result "1-0"]
[WhiteElo "2289"]
[BlackElo "2306"]
[PlyCount "93"]
[GameId "2160767909855331"]
[EventDate "2010.10.22"]
[EventType "tourn"]
[EventRounds "5"]
[EventCountry "CAN"]
[EventCategory "2"]
[SourceTitle "EXT 2013"]
[Source "ChessBase"]
[SourceDate "2012.11.22"]
[SourceVersion "1"]
[SourceVersionDate "2012.11.22"]
[SourceQuality "1"]

1. d4 g6 2. Nf3 Bg7 3. Bg5 d6 4. c3 h6 5. Bh4 Nf6 6. Nbd2 O-O 7. e4 Qe8 8. Bc4 e5 9. dxe5 dxe5 10. O-O b5 11. Bd3 a6 12. c4 c6 13. Qc2 Bg4 14. cxb5 cxb5 15. a4 bxa4 16. Qxa4 Bd7 17. Qb3 Nh5 18. Rfc1 Nf4 19. Bf1 a5 20. Nc4 Nc6 21. Qc3 Nd4 22. Nxd4 exd4 23. Qf3 g5 24. Bg3 f5 25. Bxf4 gxf4 26. e5 Be6 27. Qxf4 Kh8 28. Nd6 Qh5 29. h3 a4 30. Rd1 Ra5 31. Re1 Rb8 32. Bd3 Rxb2 33. Qxd4 a3 34. Bc4 Rb4 35. Qc3 Rxc4 36. Qxa5 Rc2 37. Rxa3 f4 38. Qa8+ Bg8 39. Rb3 Re2 40. Rxe2 Qxe2 41. Rb1 Bxe5 42. Qe8 Kg7 43. Rb7+ Kf6 44. Qf8+ Ke6 45. Qe7+ Kd5 46. Rb5+ Kd4 47. Nf5+ 1-0

[Event "Edmonton Fall-A"]
[Site "Edmonton CAN"]
[Date "2010.10.24"]
[Round "4"]
[White "Wang, Richard"]
[Black "Belsar, Valencia"]
[Result "1/2-1/2"]
[WhiteElo "2289"]
[BlackElo "2250"]
[PlyCount "66"]
[GameId "2160767909855334"]
[EventDate "2010.10.22"]
[EventType "tourn"]
[EventRounds "5"]
[EventCountry "CAN"]
[EventCategory "2"]

1. d4 Nf6 2. Nf3 g6 3. Bg5 Bg7 4. Nbd2 d6 5. e4 h6 6. Bh4 g5 7. Bg3 Nh5 8. c3 e6 9. Bd3 Nd7 10. O-O O-O 11. Qe2 e5 12. dxe5 dxe5 13. Nc4 Nf4 14. Qe3 Qe7 15. b4 Nb6 16. Na5 Nxd3 17. Qxd3 Rd8 18. Qe3 c6 19. Rfd1 Bg4 20. h3 Bh5 21. a3 f6 22. c4 Bf7 23. Nd2 Qc7 24. Qc3 Na4 25. Qc2 Nc5 26. Nf1 Ne6 27. Nb3 Rxd1 28. Rxd1 Rd8 29. Ne3 Rxd1+ 30. Qxd1 Qd8 31. Qc2 Nd4 32. Qd2 Ne6 33. Qc3 Nd4 1/2-1/2

[Event "Edmonton Fall-A"]
[Site "Edmonton CAN"]
[Date "2010.10.24"]
[Round "5"]
[White "Porper, Edward"]
[Black "Wang, Richard"]
[Result "1-0"]
[WhiteElo "2519"]
[BlackElo "2289"]
[PlyCount "97"]
[GameId "2160767909855338"]
[EventDate "2010.10.22"]
[EventType "tourn"]
[EventRounds "5"]
[EventCountry "CAN"]
[EventCategory "2"]
[SourceTitle "EXT 2013"]
[Source "ChessBase"]
[SourceDate "2012.11.22"]
[SourceVersion "1"]
[SourceVersionDate "2012.11.22"]
[SourceQuality "1"]

1. c4 e6 2. d4 d5 3. Nc3 c6 4. Nf3 f5 5. Bf4 Nf6 6. e3 Bd6 7. Ne5 O-O 8. Be2 Qe7 9. c5 Bc7 10. b4 Ne4 11. Nxe4 fxe4 12. O-O Nd7 13. Nxc6 bxc6 14. Bxc7 Nxc5 15. Bg3 Nd3 16. Bxd3 exd3 17. Qxd3 a5 18. Qc3 Ba6 19. Rfb1 axb4 20. Rxb4 Bc4 21. a4 Ra7 22. Qb2 Rfa8 23. Bb8 Ra5 24. Rb7 Qf8 25. Be5 R5a7 26. Qb6 Rxb7 27. Qxb7 Bb5 28. a5 Ra6 29. Qd7 Qf7 30. Qc8+ Qf8 31. Qxe6+ Qf7 32. Qc8+ Qf8 33. Qg4 g6 34. h4 Qf5 35. Qxf5 gxf5 36. Bc7 h5 37. Kh2 Kf7 38. Kg3 Kf6 39. f3 Ra7 40. Bd8+ Ke6 41. Bb6 Ra8 42. Kf2 Kf6 43. Rh1 Rg8 44. Rh3 Ra8 45. Rg3 Re8 46. Rg5 Rh8 47. Kg3 Ba6 48. Kf4 Bd3 49. Bc7 1-0

[Event "Alberta op"]
[Site "Calgary CAN"]
[Date "2010.10.09"]
[Round "1.4"]
[White "Wang, Richard"]
[Black "Miller, David"]
[Result "1-0"]
[WhiteElo "2302"]
[BlackElo "1854"]
[PlyCount "71"]
[GameId "2160767909863658"]
[EventDate "2010.10.09"]
[EventType "swiss"]
[EventRounds "6"]
[EventCountry "CAN"]
[SourceTitle "EXT 2022"]
[Source "ChessBase"]
[SourceDate "2021.10.06"]
[SourceVersion "1"]
[SourceVersionDate "2021.10.06"]
[SourceQuality "1"]

1. d4 d5 2. Nf3 Nf6 3. e3 c6 4. c4 e6 5. Nbd2 Nbd7 6. Bd3 dxc4 7. Nxc4 Nb6 8. b3 Be7 9. O-O O-O 10. Qe2 Qc7 11. Bb2 Nbd5 12. Rac1 Rd8 13. Nce5 Bd7 14. Ng5 Be8 15. f4 h6 16. Ngf3 Nd7 17. Bb1 Nxe5 18. Nxe5 f6 19. Qd3 f5 20. g4 Nb4 21. Qc4 Nd5 22. gxf5 Qd6 23. Qe2 exf5 24. Bxf5 g6 25. Bb1 Rac8 26. Kh1 c5 27. dxc5 Rxc5 28. Rxc5 Qxc5 29. Bd4 Qd6 30. Bxg6 Bxg6 31. Nxg6 Qxg6 32. Rg1 Bg5 33. fxg5 h5 34. Rf1 Re8 35. Qf3 Qe6 36. g6 1-0

[Event "Alberta op"]
[Site "Calgary CAN"]
[Date "2010.10.09"]
[Round "2.4"]
[White "Pivovarov, Juraj"]
[Black "Wang, Richard"]
[Result "1-0"]
[WhiteElo "2017"]
[BlackElo "2302"]
[PlyCount "79"]
[GameId "2160767909863665"]
[EventDate "2010.10.09"]
[EventType "swiss"]
[EventRounds "6"]
[EventCountry "CAN"]
[SourceTitle "EXT 2022"]
[Source "ChessBase"]
[SourceDate "2021.10.06"]
[SourceVersion "1"]
[SourceVersionDate "2021.10.06"]
[SourceQuality "1"]

1. c4 c5 2. g3 Nc6 3. Bg2 g6 4. Nc3 Bg7 5. Nf3 e5 6. d3 Nge7 7. O-O O-O 8. Rb1 a6 9. a3 Rb8 10. b4 cxb4 11. axb4 b5 12. cxb5 axb5 13. Bg5 f6 14. Bd2 d5 15. Qc1 Be6 16. Bh6 Bxh6 17. Qxh6 Qd6 18. h4 Nxb4 19. h5 g5 20. Nxg5 fxg5 21. Qxg5+ Kh8 22. Rxb4 Rf5 23. Qh4 d4 24. Rxb5 Rxb5 25. Nxb5 Qd7 26. Ra1 Ng8 27. Na3 Qa4 28. Be4 Rf6 29. Qg5 Qa5 30. Nc2 Qc7 31. Ra8 Bc8 32. Nb4 h6 33. Qh4 Qc1+ 34. Kg2 Qe1 35. Bf3 Rf8 36. Nd5 Bh3+ 37. Qxh3 Rxa8 38. Qe6 Ra7 39. Qxe5+ Rg7 40. Nc7 1-0